01220nam a2200205Ia 4500008004100000020001500041050002000056100003200076245012000108250001800228260003200246300001800278336001000296337001400306338001200320500006300332504004100395505055300436650002500989120720s2005 sp a 000 0 spa d a8478271821 aLC214bP85 20051 aPuigdellivol, Ignasieautor13aLa educación Especial en la Escuela Integrada c / Ignasi Puigdellívollb : una perspectiva desde la diversidad a6a edición  aEspañab : Graóc, 2005 a428 páginas atexto asin medio avolumen ancluye: índice analítico y onomástico (pp.417-428)  aIncluye: bibliografía (pp.409-415) aDiversidad e identidad en la escuela Asumir la diversidad: una labor conjunta De las actitudes a laprovisión de un entorno flexible El proceso de aprendizaje ej su globalidad: comprender para educar El significado de las dificultades de aprendizaje: su enfoque en la escuela El trabajo en equipo: la función del profesor de apoyo El desarrollo de las tareas de apoyo Más allá del deficit Valorando recursos: posibilidades, limitaciones y pretextos La familia como agente de integración Propuestas inclusivas Innovación e integración 10aNTEGRACIÓN ESCOLAR